000 01309nam a2200301 i 4500
001 76053
003 ES-MaACL
005 20250814081540.0
007 t|
008 040929s1911 sp |||| | spa d
080 _a929:58 Mutis, José Celestino
080 _a910.4(861)"17/18"
080 _a581.9(861)
100 1 _aGredilla y Gauna, Apolinar Federico.
_959825
245 1 0 _aBiografía de José Celestino Mutis con la relación de su viaje y estudios practicados en el nuevo reino de Granada /
_creunidos y anotados por Apolinar Federico Gredilla y Gredilla.
260 _aMadrid :
_b[s.n.],
_c1911 (
_fFortanet)
300 _a712 p. ;
_c25 cm.
530 _aDisponible en formato digital.
594 _aPrecede al tít.: Junta para Ampliación de Estudios e Investigaciones Científicas.
600 1 4 _aMutis, José Celestino.
_984734
611 2 7 _aReal Expedición Botánica del Nuevo Reino de Granada
_d(1783-1816)
_2
_9165859
650 4 _aFlora-
_zColombia.
_912900
710 2 _aJunta para la Ampliación de Estudios e Investigaciones Científicas.
_95413
852 4 _aES-MaACL
_jB-4953
_cSPB
_zRevisado enlace: 23 de julio de 2025
856 4 _uhttp://bdh-rd.bne.es/viewer.vm?id=0000114496&page=1
_y(Biblioteca Digital Hispánica)
942 _2udc
999 _c76053
_d76053